Zgadnij flagi państw - Statystyki

Ogólne statystyki
  • Ten quiz został rozwiązany 82 razy
  • Średni wynik to 10 z 10
Statystyki odpowiedzi
Obrazkowy Odpowiedź % Poprawnych
Francja
100%
Hiszpania
100%
Portugalia
100%
Stany Zjednoczone
100%
Ukraina
100%
Brazylia
99%
Czechy
99%
Kanada
97%
Norwegia
97%
Szwajcaria
97%
Nie znaleziono quizów pasujących do podanych kryteriów
Rozkład punktacji
Procent ludzi z każdym wynikiem
Percentyl według liczby udzielonych odpowiedzi
Twoja historia wyników
Nie rozwiązałeś tego quizu